000 00475nam a2200157Ia 4500
008 240428s9999||||xx |||||||||||||| ||und||
041 _aeng
082 _aPL/MONSEC/20
100 _aNational Security Ministry
245 0 _aNational Security Ministry: 2020 Handing Over Report
260 _bMinistry of National Security
_a[Accra] :
_c2020
300 _aviii, 25p.: graphs, tabs
650 _aNational Security Ministry: 2020 Handing Over Repo
942 _cAR
999 _c653
_d653